Những điều chỉ dẫn về hàn điện hàn hơi

Guardat en:
Dades bibliogràfiques
Autor principal: I I Sokolov
Format: Llibre
Idioma:Undetermined
Publicat: Hà Nội Xây dựng 1984
Matèries:
Etiquetes: Afegir etiqueta
Sense etiquetes, Sigues el primer a etiquetar aquest registre!
Thư viện lưu trữ: Trung tâm Học liệu Trường Đại học Cần Thơ
LEADER 00556nam a2200181Ia 4500
001 CTU_11733
008 210402s9999 xx 000 0 und d
082 |a 671.52 
082 |b S683 
100 |a I I Sokolov 
245 0 |a Những điều chỉ dẫn về hàn điện hàn hơi 
245 0 |c I I Sokolov, P Guisin; Dịch giả: Nguyễn Bá An 
260 |a Hà Nội 
260 |b Xây dựng 
260 |c 1984 
650 |a electric welding 
904 |i Minh, 961102 
980 |a Trung tâm Học liệu Trường Đại học Cần Thơ